000 00857nam a22002057a 4500
999 _c8505
_d8505
003 AR-CdUCM
008 190325b ||||| |||| 00| 0 spa d
040 _aMUNICIPALIDAD PROVINCIAL DEL CUSCO
_cBIBLIOTECA MUNICIPAL DEL CUSCO
082 _a690 /
_bU34
100 _aUlsamer Puiggari, Federico
_913372
245 _aForjados y Entramados de Pisos /
260 _aEspaña :
_bEdiciones Ceac S.A. ,
_c1959.
300 _a153 páginas ;
_c21.7 cm.
505 _aContenido : Entramados Schaefer -- Entramados Bison -- Piso Yus -- Piso Yus -- Vigas Inhor -- Vigas Pretensadas Horsa -- Vigas Castilla -- Pisos Condor -- Vigas Perfo -- Vigas Hierro Doble -- Vigas monta -- Pisos Forjados...
650 _aInfraestructuras
_923834
650 _aEstructuras Metalicas
_919741
650 _aEstructuras de Costruccion
_923835
942 _2ddc
_cLIBROS
945 _artm